| 000 | 00541nam a22001937a 4500 | ||
|---|---|---|---|
| 005 | 20251108165201.0 | ||
| 008 | 250721s1996 xx 000 0 ara d | ||
| 082 | 1 | 4 | _a581.16/ماج |
| 100 | 1 | _aزكي، ماجد | |
| 245 | 1 | 0 | _aتقنيات زراعة الأنسجة النباتية / |
| 264 | 1 |
_aالقاهرة : _c1996. |
|
| 300 | _a300ص | ||
| 650 | 1 | 7 | _aالنباتات |
| 650 | 1 | 7 | _aزراعة الأنسجة |
| 650 | 1 | 7 | _aالتكاثر الخضري |
| 700 | 1 | _aالفقي، فوزي | |
| 942 |
_2ddc _cBK |
||
| 999 |
_c21534 _d21534 |
||